LEADER 04547nam 22007935 450 001 9910619268803321 005 20260122155646.0 010 $a981-19-3413-4 024 7 $a10.1007/978-981-19-3413-1 035 $a(MiAaPQ)EBC7120425 035 $a(Au-PeEL)EBL7120425 035 $a(CKB)25181779700041 035 $a(PPN)265861357 035 $a(OCoLC)1351243342 035 $a(DE-He213)978-981-19-3413-1 035 $a(EXLCZ)9925181779700041 100 $a20221020d2022 u| 0 101 0 $aeng 135 $aurcnu|||||||| 181 $ctxt$2rdacontent 182 $cc$2rdamedia 183 $acr$2rdacarrier 200 10$aAtlas of Inflammatory Bowel Disease-Associated Intestinal Cancer $eExamining the Macroscopic Images of Small and Large Intestine /$fedited by Toshiyuki Matsui, Akinori Iwashita, Takayuki Matsumoto, Takashi Hisabe, Kitaro Futami, Hiroshi Tanabe 205 $a1st ed. 2022. 210 1$aSingapore :$cSpringer Nature Singapore :$cImprint: Springer,$d2022. 215 $a1 online resource (131 pages) 225 1 $aMedicine Series 311 08$aPrint version: Matsui, Toshiyuki Atlas of Inflammatory Bowel Disease-Associated Intestinal Cancer Singapore : Springer,c2023 9789811934124 320 $aIncludes bibliographical references. 327 $aPart 1 Bowel cancer associated with IBD ? Overview -- 1 Intestinal cancer associated with IBD; aim and structure of this book -- 2 Endoscopic diagnosis of neoplastic lesions in inflammatory bowel disease -- 3 Crohn's disease-associated lower gastrointestinal cancer -- 4 Clinicopathological features and pathological diagnosis of inflammatory bowel disease- associated cancer -- 5 Development and course of inflammatory bowel disease-associated intestinal cancer -- Part 2 Cases of UC associated cancers -- 6 Early cancer: 9 cases with various features -- 7 Advanced cancers: 12 cases with various features -- Part 3 Cases of CD associated cancers -- 8 Small intestinal cancer: 5 cases -- 9 Colorectal cancer with various features: 15 cases. 330 $aThis book is structured in three major parts and the first part is a comprehensive overview of IBD-related intestinal cancer. The second and third parts provide rare and important cases on ulcerative colitis (UD) and Crohn?s disease (CD) presenting the macroscopic image of the resected specimen and analyzing the endoscopic and the pathological image to explain how to find the IBD cancer. It also delivers a detailed analysis of the histological structure of cancers. This book tries to clarify the critical but yet to be answered questions such as ?Why is it so difficult to find out??, ?Why so flat?? and ?How to name superficial lesion with invisible margin?? and so on. Atlas of Inflammatory Bowel Disease-Associated Intestinal Cancer is designed to serve all endoscopists and gastroenterologists managing IBD patients. It also is valuable reading for pathologists who are diagnosing gastrointestinal lesions. This book is designed to assist these medical professionals to find cancers in the early stage and stay up-to-date on image-enhanced endoscopy techniques. This book is a translation of an original Japanese edition. This has been facilitated using machine translation (by the service DeepL.com) followed by editors and authors revising, editing and verifying the translated manuscript. 410 0$aMedicine Series 606 $aGastroenterology 606 $aPathology 606 $aOncology 606 $aMedicine 606 $aSurgery 606 $aGastroenterology 606 $aPathology 606 $aOncology 606 $aClinical Medicine 606 $aSurgery 606 $aIntestins$2thub 606 $aCàncer$2thub 606 $aMalalties inflamatòries intestinals$2thub 608 $aAtles (Científic)$2thub 608 $aLlibres electrònics$2thub 615 0$aGastroenterology. 615 0$aPathology. 615 0$aOncology. 615 0$aMedicine. 615 0$aSurgery. 615 14$aGastroenterology. 615 24$aPathology. 615 24$aOncology. 615 24$aClinical Medicine. 615 24$aSurgery. 615 7$aIntestins 615 7$aCàncer. 615 7$aMalalties inflamatòries intestinals 676 $a910.02 702 $aMatsui$b Toshiyuki 801 0$bMiAaPQ 801 1$bMiAaPQ 801 2$bMiAaPQ 906 $aBOOK 912 $a9910619268803321 996 $aAtlas of Inflammatory Bowel Disease-Associated Intestinal Cancer$92952237 997 $aUNINA